LEADER 01613nam a2200349 u 4500 001 000000026895 003 CaOOAMICUS 005 20070226111628.0 008 950705s1994 vc afh u000 u lat u 020 $a8821005704 035 $a10695701 040 $aPUL$bita 100 0 $aPius PP.$bII,$d1405-1464.$0(OLS)http://pul/name/6154 240 10$aCarmina$9(Pius PP. II, 1405-1464).$0(OLS)http://pul/title/36874 245 10$aEnee Silvii Piccolominei postea Pii PP. II Carmina /$cedidit commentarioque instruxit Adrianus van Heck. 260 $aCittą del Vaticano :$bBiblioteca apostolica vaticana,$c1994. 300 $axxiv, 241 p., [6] p. di tav. :$bill., fac-sim. ;$c26 cm 490 1 $aStudi e testi ;$v364 500 $aIndex: p. [227]-244. 700 1 $aHeck, Adrianus van,$d1923-$0(OLS)http://pul/name/5101 830 0$aStudi e testi (Biblioteca apostolica vaticana) ;$v364.$0(OLS)http://pul/title/1077 850 $aPUL 852 $aPUL$W1$xDP1 Cons. Gen., Altre Classi 1$y22$m158 F 364$j37516$nBK-PRI$b $qStampati$B37516$CPULBib$Z2$F37516 $H $81 900 $aPio$bII,$cpapa,$d1405-1464$96154 900 $aPiccolomini, Enea Silvio,$d1405-1464$96154 910 $aPapi (1458-1464 : Pius PP. II)$96154 910 $aPapi (1458-1464 : Pius PP. II)$96154 941 1 $a8 961 $aINV: 76605 996 $6020$a8821005704$9(OLS)http://pul/number/33402 996 $6245$aEnee Silvii Piccolominei postea Pii PP. II Carmina$9(OLS)http://pul/title/36875 996 $6260$aCittą del Vaticano :$bBiblioteca apostolica vaticana$9(OLS)http://pul/publisher/50026 LEADER 01225nam a2200301 a 4500 001 000000125619 003 CaOOAMICUS 005 20110608144748.0 008 110608s2011 it u000 u ita r 020 $a978-88-308-1111-9 040 $aPUL$bita 082 04$a243 100 1 $aCaspani, Pierpaolo,$csac.,$d1960-$0(OLS)http://pul/name/37898 245 10$aPane vivo spezzato per il mondo :$blinee di teologia eucaristica /$cPierpaolo Caspani. 260 $aAssisi :$bCittadella,$c2011. 300 $a420 p. ;$c21 cm 490 1 $aTeologia. Strumenti 504 $aInclude bibliografia. 650 4$aTeologia eucaristica.$0(OLS)http://pul/subject/37710 830 0$aTeologia.$pStrumenti.$0(OLS)http://pul/title/45239 850 $aPUL 852 $aPUL$W1$xSL Religione 3$y85$m243 CASPI 1$j144703$qDDC 21$B143720$CPULBib$Z2$F143720 $H117185 $82 941 1 $a9 996 $6020$a978-88-308-1111-9$9(OLS)http://pul/number/147429 996 $6082$a243$9(OLS)http://pul/classification/593 996 $6245$aPane vivo spezzato per il mondo :$blinee di teologia eucaristica$9(OLS)http://pul/title/158412 996 $6260$aAssisi :$bCittadella$9(OLS)http://pul/publisher/49668